01000nam a2200253 i 450000100060000000300090000600500170001500700030003200800410003502000180007611100870009424501500018125000120033126000330034330000220037649000460039850000130044470000390045770000370049683000540053385200210058799900170060895201210062546683ES-MaACL20230906161428.0t|030331s1982 sp ||||1| spa d a84-85422-18-X2 aCongreso de Teoría y Metodología de las Ciencias (n1º. d1982.cOviedo)933910aActas del I Congreso de Teoría y Metodología de las Ciencias / cedición preparada por Alberto Hidalgo Tuñón y Gustavo Bueno Sánchez. a1ª ed. aOviedo : bPentalfa, c1982. a687 p. ; c22 cm.1 aBiblioteca asturiana de filosofía ; v1 aIndices.1 aHidalgo Tuñón, Alberto.9636071 aBueno Sánchez, Gustavo.9324100 aBiblioteca asturiana de filosofía ; v19229988 aES-MaACLjL-9267 c46683d46683 00104070aATENEOMbATENEOMcDEPO2d2008-01-17eSCl0oL-9267p1049100r2023-02-23 00:00:00w2023-02-23yMONOGRAFIA